00289nam a2200133Ia 45000030006000000080041000060400015000471000016000622450027000782500012001052600009001175460012001260050017001380STCL150530s9999 xx 000 0 und d aSTCLcSTCL aOscar Wilde aWoman of no importance aSeventh c1949 aEnglish20220125171013.0